[Event "XX Festival Conca della Presolana A"]
[Site "Bratto - Castione della Presolana ITA"]
[Date "2000.08.30"]
[Round "6"]
[White "Murgia, Andrea"]
[Black "Oppici, Gabriele"]
[Result "1/2-1/2"]
[WhiteElo "2131"]
[BlackElo "2040"]
[PlyCount "20"]
[EventDate "2000.08.25"]

1.e4 Nc6 2.d4 e5 3.dxe5 Nxe5 4.Nf3 Qf6 5.Nxe5 Qxe5 6.Bd3 Bc5 7.Nc3 Ne7 8.
f4 Qf6 9.Qf3 d6 10.Be3 Bg4 1/2-1/2

[Event "XX Festival Conca della Presolana A"]
[Site "Bratto - Castione della Presolana ITA"]
[Date "2000.08.30"]
[Round "6"]
[White "Orsi, Massimiliano"]
[Black "Battaggia, Piergiorgio"]
[Result "1/2-1/2"]
[WhiteElo "2100"]
[BlackElo "2118"]
[PlyCount "53"]
[EventDate "2000.08.25"]

1.e4 c5 2.Nf3 d6 3.d4 cxd4 4.Nxd4 Nf6 5.Nc3 a6 6.Bg5 e6 7.f4 Qa5 8.Qd2 Be7
9.O-O-O O-O 10.Kb1 Qc7 11.Bd3 Nc6 12.Nf3 b5 13.Rhe1 b4 14.Na4 Qa5 15.b3 
Rd8 16.Qf2 Rb8 17.e5 Nd5 18.Bxh7+ Kxh7 19.Rxd5 Qxd5 20.Qh4+ Kg8 21.Bxe7 
Nxe7 22.Qxe7 dxe5 23.Nxe5 Qd2 24.Qxf7+ Kh7 25.Qh5+ Kg8 26.Qf7+ Kh7 27.Qh5+
1/2-1/2

[Event "XX Festival Conca della Presolana A"]
[Site "Bratto - Castione della Presolana ITA"]
[Date "2000.08.30"]
[Round "6"]
[White "Pagnoncelli, Marco"]
[Black "Alberton, Roberto"]
[Result "1/2-1/2"]
[WhiteElo "2082"]
[BlackElo "2147"]
[PlyCount "55"]
[EventDate "2000.08.25"]

1.e4 e6 2.d4 d5 3.exd5 exd5 4.Nf3 Bd6 5.c4 c6 6.Nc3 Nf6 7.cxd5 Nxd5 8.Nxd5
cxd5 9.Be2 O-O 10.O-O Nc6 11.Bg5 Qb6 12.Qd2 Re8 13.Rfd1 Bf5 14.Bf1 Be4 15.
Qe2 a6 16.Be3 Qc7 17.h3 f5 18.Ne5 Bxe5 19.dxe5 Qxe5 20.Qd2 d4 21.Bxd4 Nxd4
22.Qxd4 Qxd4 23.Rxd4 Rad8 24.Bc4+ Kh8 25.Rad1 Rxd4 26.Rxd4 Bc6 27.Kh2 g6 
28.Kg3 1/2-1/2

[Event "XX Festival Conca della Presolana A"]
[Site "Bratto - Castione della Presolana ITA"]
[Date "2000.08.30"]
[Round "6"]
[White "Profumo, Alberto"]
[Black "Lapiccirella, Mattia"]
[Result "1/2-1/2"]
[WhiteElo "2284"]
[BlackElo "2144"]
[PlyCount "51"]
[EventDate "2000.08.25"]

1.Nf3 Nf6 2.g3 g6 3.Bg2 Bg7 4.d4 O-O 5.c4 c5 6.O-O Na6 7.Nc3 d6 8.e4 Bg4 
9.Be3 Qc8 10.e5 Nh5 11.Nd5 Re8 12.exd6 exd6 13.Qd2 Nf6 14.Ng5 Bf5 15.Rfe1 
h6 16.Nxf7 Kxf7 17.Bxh6 Ng8 18.Bxg7 Kxg7 19.Rxe8 Qxe8 20.dxc5 dxc5 21.Re1 
Qf7 22.Qc3+ Kh7 23.g4 Bxg4 24.Re4 Bh5 25.Rf4 Qg7 26.Nf6+ 1/2-1/2

[Event "XX Festival Conca della Presolana A"]
[Site "Bratto - Castione della Presolana ITA"]
[Date "2000.08.30"]
[Round "6"]
[White "Ruzzier, Dario"]
[Black "Riccio, Eros"]
[Result "0-1"]
[WhiteElo "2080"]
[BlackElo "2134"]
[PlyCount "122"]
[EventDate "2000.08.25"]

1.d4 d5 2.c4 dxc4 3.Nf3 Nf6 4.e3 e6 5.Bxc4 a6 6.O-O c5 7.Qe2 b5 8.Bd3 Bb7 
9.dxc5 Nc6 10.b4 Nxb4 11.Bxb5+ Nc6 12.Ba4 Bxc5 13.Ne5 Qd5 14.Bb2 O-O 15.
Rd1 Nd4 16.Qf1 Qxe5 17.exd4 Qf4 18.dxc5 Qxa4 19.Nd2 Rfd8 20.Qc4 Qc6 21.f3 
Qd5 22.Rac1 Rac8 23.Qb4 Bc6 24.Nb3 Qxd1+ 25.Rxd1 Rxd1+ 26.Kf2 Bd5 27.Ke2 
Bxb3 28.axb3 Rd5 29.c6 Rb5 30.Qc4 Rb6 31.c7 Ne8 32.Qd4 Rc6 33.Kf2 R6xc7 
34.Kg3 Rb7 35.Qa4 a5 36.Qxa5 Rxb3 37.Be5 Rd3 38.Qa6 Rcd8 39.Qc6 R3d5 40.
Ba1 Ra5 41.Bc3 Raa8 42.Bb4 Nf6 43.Be7 Rdc8 44.Qb5 Nd5 45.Bd6 Ne3 46.Be5 
Rc2 47.Qb3 Nf5+ 48.Kh3 Rac8 49.Qd3 h5 50.g4 hxg4+ 51.fxg4 Ne7 52.Qd4 Nc6 
53.Qe4 Nxe5 54.Qxe5 R8c3+ 55.Kh4 Rc5 56.Qb8+ Kh7 57.Qb1 g5+ 58.Kh5 Kg7 59.
Qa1+ f6 60.h4 Rc8 61.Qa7+ R2c7 0-1

[Event "XX Festival Conca della Presolana A"]
[Site "Bratto - Castione della Presolana ITA"]
[Date "2000.08.30"]
[Round "6"]
[White "Sedina, Elena"]
[Black "Vancini, Edoardo"]
[Result "1-0"]
[WhiteElo "2405"]
[BlackElo "2301"]
[PlyCount "63"]
[EventDate "2000.08.25"]

1.e4 c5 2.Nf3 e6 3.d4 cxd4 4.Nxd4 Nc6 5.Nb5 d6 6.c4 Nf6 7.N5c3 Be7 8.Be2 
O-O 9.O-O b6 10.Bf4 Bb7 11.h3 Ne5 12.Nd2 Ng6 13.Bg3 d5 14.exd5 exd5 15.Bf3
Bd6 16.Bxd6 Qxd6 17.cxd5 Ne5 18.Nde4 Nxe4 19.Bxe4 f5 20.Bc2 f4 21.Re1 f3 
22.Qd4 Rae8 23.g3 g5 24.Re4 Ng6 25.Rae1 Qd7 26.Re6 b5 27.Bxg6 hxg6 28.Qe4 
Rxe6 29.Qxe6+ Qxe6 30.dxe6 b4 31.e7 Re8 32.Nb5 1-0

[Event "XX Festival Conca della Presolana A"]
[Site "Bratto - Castione della Presolana ITA"]
[Date "2000.08.30"]
[Round "6"]
[White "Solinas, Carlo"]
[Black "Rossi, Giampiero"]
[Result "1-0"]
[WhiteElo "2058"]
[BlackElo "2101"]
[PlyCount "59"]
[EventDate "2000.08.25"]

1.e4 c5 2.d4 cxd4 3.c3 dxc3 4.Nxc3 Nc6 5.Nf3 g6 6.Bc4 Bg7 7.e5 Nh6 8.O-O 
O-O 9.Bf4 Na5 10.Bd5 e6 11.Qd2 Nf5 12.Be4 d5 13.Bd3 Bd7 14.g4 Ne7 15.b4 
Nac6 16.Rab1 Qb8 17.Rfe1 Re8 18.b5 Nd8 19.Bh6 b6 20.Qg5 Bh8 21.Qh4 Nb7 22.
Bg5 Nc5 23.Bc2 Qd8 24.Bf6 Bg7 25.Re3 Bc8 26.Bxg7 Kxg7 27.Qf6+ Kg8 28.Ng5 
Rf8 29.Rh3 h5 30.Rxh5 1-0

[Event "XX Festival Conca della Presolana A"]
[Site "Bratto - Castione della Presolana ITA"]
[Date "2000.08.30"]
[Round "6"]
[White "Szekely, Peter"]
[Black "Sarno, Spartaco"]
[Result "1/2-1/2"]
[WhiteElo "2445"]
[BlackElo "2409"]
[PlyCount "29"]
[EventDate "2000.08.25"]

1.Nf3 Nf6 2.c4 g6 3.g3 Bg7 4.Bg2 O-O 5.d4 c6 6.Nc3 d5 7.cxd5 cxd5 8.Ne5 e6
9.O-O Nfd7 10.Nf3 Nc6 11.b3 Nf6 12.Bb2 b6 13.Rc1 Bb7 14.e3 Qe7 15.Re1 
1/2-1/2

[Event "XX Festival Conca della Presolana A"]
[Site "Bratto - Castione della Presolana ITA"]
[Date "2000.08.30"]
[Round "6"]
[White "Tomba, Ivan"]
[Black "Ranieri, Fabrizio"]
[Result "1/2-1/2"]
[WhiteElo "2022"]
[BlackElo "2165"]
[PlyCount "46"]
[EventDate "2000.08.25"]

1.e4 e6 2.d4 d5 3.e5 c5 4.c3 Qb6 5.Nf3 Nc6 6.a3 Bd7 7.b4 cxb4 8.cxb4 Rc8 
9.Bb2 Na5 10.Nbd2 Nc4 11.Nxc4 dxc4 12.Rc1 a5 13.Bxc4 axb4 14.Qb3 Qa5 15.
O-O bxa3 16.Bb5 Bc6 17.d5 exd5 18.Qxd5 Qd8 19.Rxc6 bxc6 20.Bxc6+ Rxc6 21.
Qxc6+ Qd7 22.Qa8+ Qd8 23.Qa4+ Qd7 1/2-1/2

[Event "XX Festival Conca della Presolana A"]
[Site "Bratto - Castione della Presolana ITA"]
[Date "2000.08.30"]
[Round "6"]
[White "Ventura, Boris"]
[Black "Dilic, Roberto"]
[Result "1/2-1/2"]
[WhiteElo "2162"]
[BlackElo "2013"]
[PlyCount "68"]
[EventDate "2000.08.25"]

1.e4 d5 2.exd5 Qxd5 3.Nc3 Qa5 4.d4 Nf6 5.Nf3 Bg4 6.h3 Bxf3 7.Qxf3 c6 8.Bc4
e6 9.Bd2 Qd8 10.O-O-O Bb4 11.a3 Be7 12.Bg5 Nbd7 13.Rhe1 Qa5 14.Bd2 Qc7 15.
Bf4 Qc8 16.d5 Nb6 17.dxc6 bxc6 18.Bb3 O-O 19.g4 Rd8 20.g5 Nfd5 21.Ne4 Nxf4
22.Qxf4 Nd5 23.Bxd5 Rxd5 24.Rxd5 cxd5 25.Nf6+ Bxf6 26.gxf6 g6 27.h4 h5 28.
Rg1 Kh7 29.Rg3 Qe8 30.Qe5 Rc8 31.Rb3 Qa4 32.Kb1 Qc4 33.Ka2 Qxh4 34.Rb7 
Qc4+ 1/2-1/2

[Event "XX Festival Conca della Presolana A"]
[Site "Bratto - Castione della Presolana ITA"]
[Date "2000.08.31"]
[Round "7"]
[White "Alberton, Roberto"]
[Black "Marta, Daniele"]
[Result "1-0"]
[WhiteElo "2147"]
[BlackElo "1900"]
[PlyCount "65"]
[EventDate "2000.08.25"]

1.e4 e6 2.d4 d5 3.Nd2 Nf6 4.e5 Nfd7 5.Bd3 c5 6.c3 Nc6 7.Ne2 cxd4 8.cxd4 f6
9.exf6 Nxf6 10.Nf3 Bd6 11.O-O Qc7 12.g3 O-O 13.Bf4 Nh5 14.Bxd6 Qxd6 15.Ng5
g6 16.f4 Bd7 17.a3 Rac8 18.Qd2 Qe7 19.Rac1 Qg7 20.Nf3 Qf6 21.b4 b6 22.Ba6 
Rb8 23.b5 Na5 24.Ne5 Qd8 25.Qb4 Bc8 26.Bxc8 Rxc8 27.Rxc8 Qxc8 28.Rc1 Qd8 
29.Qc3 g5 30.Qf3 Ng7 31.Qg4 Qe7 32.Qxg5 Qxa3 33.Rc7 1-0

[Event "XX Festival Conca della Presolana A"]
[Site "Bratto - Castione della Presolana ITA"]
[Date "2000.08.31"]
[Round "7"]
[White "Battaggia, Piergiorgio"]
[Black "Pagnoncelli, Marco"]
[Result "1-0"]
[WhiteElo "2118"]
[BlackElo "2082"]
[PlyCount "51"]
[EventDate "2000.08.25"]

1.d4 Nf6 2.c4 c5 3.e3 g6 4.Nf3 Bg7 5.Nc3 O-O 6.Be2 cxd4 7.Nxd4 d5 8.O-O 
dxc4 9.Bxc4 a6 10.h3 b5 11.Be2 e5 12.Nf3 Qe7 13.Qc2 Bb7 14.Bd2 Nc6 15.Rad1
Rac8 16.Qb1 Rfd8 17.Bc1 e4 18.Nd2 Nb4 19.a3 Nd3 20.Ndxe4 Nxe4 21.Rxd3 Nxc3
22.bxc3 Rxd3 23.Bxd3 Bxc3 24.Bb2 Qg5 25.e4 Qd2 26.Bc1 1-0

[Event "XX Festival Conca della Presolana A"]
[Site "Bratto - Castione della Presolana ITA"]
[Date "2000.08.31"]
[Round "7"]
[White "Berni, Fabrizio"]
[Black "Menoni, Vincenzo"]
[Result "0-1"]
[WhiteElo "2090"]
[BlackElo "2240"]
[PlyCount "60"]
[EventDate "2000.08.25"]

1.e4 e6 2.d4 d5 3.Nd2 Nf6 4.e5 Nfd7 5.Bd3 c5 6.c3 Nc6 7.Ne2 cxd4 8.cxd4 f6
9.exf6 Nxf6 10.Nf3 Bd6 11.O-O Qc7 12.Nc3 a6 13.Bg5 O-O 14.Bh4 Nh5 15.Bg3 
Nxg3 16.hxg3 g6 17.Rc1 Qg7 18.Bb1 Bd7 19.Re1 g5 20.Qd3 g4 21.Ne5 Nxe5 22.
dxe5 Bc5 23.Rc2 Ba7 24.Nd1 Bb5 25.Qd2 Rf7 26.b3 Raf8 27.Qc1 Bc6 28.a4 h5 
29.Ree2 a5 30.Kh2 Bd4 0-1

[Event "XX Festival Conca della Presolana A"]
[Site "Bratto - Castione della Presolana ITA"]
[Date "2000.08.31"]
[Round "7"]
[White "Cazzaniga, Walter"]
[Black "Tomba, Ivan"]
[Result "0-1"]
[WhiteElo "2170"]
[BlackElo "2022"]
[PlyCount "46"]
[EventDate "2000.08.25"]

1.d4 Nf6 2.c4 g6 3.Nc3 Bg7 4.e4 d6 5.Nf3 O-O 6.Be2 e5 7.Be3 exd4 8.Nxd4 
Re8 9.f3 c6 10.Qd2 d5 11.exd5 cxd5 12.O-O-O Nc6 13.c5 Qe7 14.Nxc6 bxc6 15.
Bd4 Qf8 16.Kb1 Rb8 17.Rhe1 Rb4 18.a3 Bf5+ 19.Ka2 Rxd4 20.Qxd4 Ng4 21.Qa4 
Ne3 22.Qxc6 Bxc3 23.Ba6 Bxe1 0-1

[Event "XX Festival Conca della Presolana A"]
[Site "Bratto - Castione della Presolana ITA"]
[Date "2000.08.31"]
[Round "7"]
[White "Dilic, Roberto"]
[Black "Bonomi, Maurizio"]
[Result "1-0"]
[WhiteElo "2013"]
[BlackElo "2234"]
[PlyCount "47"]
[EventDate "2000.08.25"]

1.e4 e6 2.d4 d5 3.Nc3 Bb4 4.e5 Ne7 5.a3 Bxc3+ 6.bxc3 c5 7.h4 Qa5 8.Bd2 
Nbc6 9.Nf3 cxd4 10.cxd4 Qa4 11.h5 Nxd4 12.Bd3 Nec6 13.O-O Bd7 14.Re1 Nxf3+
15.Qxf3 O-O-O 16.Rab1 Rdf8 17.Bb5 Qh4 18.Bb4 Re8 19.Bd6 Qd8 20.Qc3 Qa5 21.
Rb4 Kd8 22.Bxc6 Bxc6 23.Reb1 d4 24.Qxc6 1-0

[Event "XX Festival Conca della Presolana A"]
[Site "Bratto - Castione della Presolana ITA"]
[Date "2000.08.31"]
[Round "7"]
[White "Drabke, Lorenz Maximilian"]
[Black "Voltolini, Giuseppe"]
[Result "1/2-1/2"]
[WhiteElo "2144"]
[BlackElo "2279"]
[PlyCount "92"]
[EventDate "2000.08.25"]

1.e4 c6 2.d4 d5 3.Nd2 dxe4 4.Nxe4 Bf5 5.Ng3 Bg6 6.Bc4 e6 7.N1e2 Nf6 8.h4 
h6 9.Nf4 Bh7 10.c3 Nd5 11.Qe2 Qe7 12.Bd2 Nd7 13.O-O-O O-O-O 14.Ne4 N7f6 
15.Nxf6 Qxf6 16.g3 Bd6 17.Nd3 Rd7 18.Rhf1 b5 19.Bb3 b4 20.Kb1 bxc3 21.Bxc3
Rb7 22.Ka1 Nxc3 23.bxc3 Qf5 24.Ne5 Bxe5 25.dxe5 Rd8 26.Qa6 Qf3 27.Rxd8+ 
Kxd8 28.Qa5+ Ke8 29.Qc5 Be4 30.Re1 Qd3 31.Qe3 Qxe3 32.Rxe3 Bf5 33.Re1 Bg4 
34.Bd1 Bxd1 35.Rxd1 Rb5 36.f4 Rd5 37.Rd4 Rxd4 38.cxd4 c5 39.dxc5 Kd7 40.
Kb2 Kc6 41.Kc3 Kxc5 42.g4 g6 43.h5 gxh5 44.gxh5 a6 45.a3 a5 46.a4 Kd5 
1/2-1/2

[Event "XX Festival Conca della Presolana A"]
[Site "Bratto - Castione della Presolana ITA"]
[Date "2000.08.31"]
[Round "7"]
[White "Drazic, Sinisa"]
[Black "Sedina, Elena"]
[Result "1/2-1/2"]
[WhiteElo "2508"]
[BlackElo "2405"]
[PlyCount "100"]
[EventDate "2000.08.25"]

1.e4 e6 2.d4 d5 3.exd5 exd5 4.Bd3 Nc6 5.c3 Bd6 6.Qf3 Nf6 7.Bg5 Bg4 8.Qxg4 
Nxg4 9.Bxd8 Rxd8 10.Nf3 O-O 11.O-O Rfe8 12.Nbd2 Nb8 13.g3 g6 14.Rfe1 Nd7 
15.Nb3 c6 16.Na5 Rxe1+ 17.Rxe1 Rb8 18.Nd2 Bc7 19.Nab3 Kf8 20.f3 Ngf6 21.
Kf2 Re8 22.Ra1 Re7 23.Bf1 Ne8 24.a4 Nd6 25.a5 h5 26.a6 b6 27.c4 dxc4 28.
Nxc4 Nxc4 29.Bxc4 b5 30.Bf1 Bb6 31.Rc1 Re6 32.Bh3 f5 33.g4 fxg4 34.fxg4 
Ne5 35.Kg3 Nxg4 36.Bxg4 Re3+ 37.Bf3 Rxb3 38.Rxc6 Bxd4 39.Rxg6 Be5+ 40.Kf2 
Rxb2+ 41.Be2 b4 42.Ke3 b3 43.Rg5 Bxh2 44.Rxh5 Bg1+ 45.Kd3 Ra2 46.Rb5 b2 
47.Bd1 Ra3+ 48.Kc4 Ra1 49.Bc2 Ra5 50.Rxb2 Rc5+ 1/2-1/2

[Event "XX Festival Conca della Presolana A"]
[Site "Bratto - Castione della Presolana ITA"]
[Date "2000.08.31"]
[Round "7"]
[White "Everet, Alexandro"]
[Black "Dervishi, Erald"]
[Result "0-1"]
[WhiteElo "2348"]
[BlackElo "2478"]
[PlyCount "60"]
[EventDate "2000.08.25"]

1.d4 Nf6 2.c4 e6 3.Nf3 d5 4.e3 Be7 5.Nc3 O-O 6.Bd2 b6 7.Ne5 Bb7 8.cxd5 
exd5 9.Bd3 Nbd7 10.Qc2 h6 11.f4 c5 12.O-O-O Rc8 13.Bf5 cxd4 14.exd4 b5 15.
g4 b4 16.g5 bxc3 17.Bxc3 hxg5 18.fxg5 Ne4 19.Nxd7 Bxg5+ 20.Kb1 Re8 21.Nc5 
Nxc5 22.Bxc8 Qxc8 23.dxc5 d4 24.Rhe1 dxc3 25.Qxc3 Bf6 26.Qa5 Rxe1 27.Rxe1 
Qf5+ 28.Ka1 Qf2 29.Re8+ Kh7 30.Qb4 a5 0-1

[Event "XX Festival Conca della Presolana A"]
[Site "Bratto - Castione della Presolana ITA"]
[Date "2000.08.31"]
[Round "7"]
[White "Farago, Ivan"]
[Black "Davies, Nigel R."]
[Result "1/2-1/2"]
[WhiteElo "2486"]
[BlackElo "2486"]
[PlyCount "30"]
[EventDate "2000.08.25"]

1.d4 Nf6 2.c4 e6 3.Nf3 b6 4.g3 Ba6 5.b3 Bb7 6.Bg2 Bb4+ 7.Bd2 Be7 8.Nc3 d5 
9.cxd5 exd5 10.O-O O-O 11.Qc2 Na6 12.Bf4 Qd7 13.Rfd1 Rfd8 14.Ne5 Qd6 15.
Qb2 c5 1/2-1/2

[Event "XX Festival Conca della Presolana A"]
[Site "Bratto - Castione della Presolana ITA"]
[Date "2000.08.31"]
[Round "7"]
[White "Grooten, Herman"]
[Black "Szekely, Peter"]
[Result "1-0"]
[WhiteElo "2386"]
[BlackElo "2445"]
[PlyCount "119"]
[EventDate "2000.08.25"]

1.d4 Nf6 2.c4 g6 3.Nc3 Bg7 4.e4 d6 5.Nf3 O-O 6.Be2 e5 7.Be3 Nbd7 8.O-O Qe7
9.Qc2 c6 10.d5 Ng4 11.Bg5 f6 12.Bh4 Nh6 13.Nd2 g5 14.Bg3 f5 15.dxc6 bxc6 
16.f3 Nc5 17.Nb3 Ne6 18.c5 Kh8 19.cxd6 Qxd6 20.Rad1 Qe7 21.Bf2 Rb8 22.Na4 
fxe4 23.fxe4 Qc7 24.g3 Nd8 25.Kg2 Ng4 26.Bg1 Rxf1 27.Rxf1 Nf6 28.Nbc5 Qf7 
29.b3 Qg6 30.Qd1 Nf7 31.Bc4 h5 32.h3 Kh7 33.Be3 Ra8 34.Bxf7 Qxf7 35.Bxg5 
Qg6 36.Bxf6 Bxf6 37.Qd6 Bg7 38.Qxg6+ Kxg6 39.Rd1 Bf8 40.Nd7 Ba3 41.Nxe5+ 
Kf6 42.Nd7+ Ke7 43.Ndc5 Rb8 44.Rd4 Rb5 45.Rc4 Kd6 46.Nd3 Be6 47.Rd4+ Kc7 
48.Nc3 Rg5 49.h4 Rg4 50.Nf4 Bf7 51.e5 Bb2 52.e6 Be8 53.Rd3 Rg7 54.Kf3 Ba3 
55.Nce2 Rh7 56.Nd4 Bb4 57.Nf5 a5 58.Ke4 Ba3 59.Rd2 Bb4 60.Rc2 1-0

[Event "XX Festival Conca della Presolana A"]
[Site "Bratto - Castione della Presolana ITA"]
[Date "2000.08.31"]
[Round "7"]
[White "Inkiov, Ventzislav V."]
[Black "Marzano, Carlo"]
[Result "1/2-1/2"]
[WhiteElo "2416"]
[BlackElo "2236"]
[PlyCount "90"]
[EventDate "2000.08.25"]

1.e4 e6 2.d4 d5 3.e5 c5 4.c3 Qb6 5.Nf3 Bd7 6.Be2 cxd4 7.cxd4 Bb5 8.Nc3 Bb4
9.O-O Bxc3 10.bxc3 Bxe2 11.Qxe2 Qa6 12.Qd1 Ne7 13.a4 Nbc6 14.Ba3 Na5 15.
Qb1 Nc4 16.Bxe7 Kxe7 17.Qb4+ Kd7 18.Rfb1 Rab8 19.a5 h6 20.Rd1 Qc6 21.Qb1 
Qc7 22.Rd3 Nxa5 23.Qb5+ Nc6 24.Rxa7 Ra8 25.Ra4 Rxa4 26.Qxa4 Qa5 27.Qb3 Qa6
28.Rd1 Na5 29.Qb1 Nc4 30.h4 b6 31.h5 Qa3 32.Nd2 Qxc3 33.Nxc4 Qxc4 34.Rc1 
Qa6 35.Rc3 Rc8 36.Rf3 Qc4 37.Rxf7+ Kc6 38.Qg6 Qxd4 39.Qxe6+ Kb5 40.Qd7+ 
Ka5 41.Qxc8 Qa1+ 42.Kh2 Qxe5+ 43.Kg1 Qe1+ 44.Kh2 Qe5+ 45.Kg1 Qe1+ 1/2-1/2

[Event "XX Festival Conca della Presolana A"]
[Site "Bratto - Castione della Presolana ITA"]
[Date "2000.08.31"]
[Round "7"]
[White "Laco, Giuseppe"]
[Black "Profumo, Alberto"]
[Result "0-1"]
[WhiteElo "2180"]
[BlackElo "2284"]
[PlyCount "100"]
[EventDate "2000.08.25"]

1.c4 Nf6 2.b4 d5 3.e3 e5 4.a3 c6 5.Bb2 Bd6 6.Qc2 O-O 7.c5 Bc7 8.Nf3 Qe7 9.
a4 Bg4 10.d3 Nbd7 11.h3 Bf5 12.g4 Bg6 13.a5 a6 14.Nh4 e4 15.d4 h6 16.Qe2 
Qe6 17.Nxg6 fxg6 18.Nd2 g5 19.Bg2 Rf7 20.O-O-O Re8 21.Rhf1 Nf8 22.Nb1 Ng6 
23.Bc3 Nh4 24.Bh1 g6 25.Bd2 Ref8 26.Be1 Nh7 27.Nc3 Nf3 28.Bxf3 Rxf3 29.Rh1
h5 30.gxh5 gxh5 31.Qa2 Kg7 32.h4 g4 33.Ne2 R8f7 34.Ng1 R3f5 35.Ne2 Nf8 36.
Ng3 Bxg3 37.fxg3 Rf3 38.Qb3 Qh6 39.Kd2 Ng6 40.Rg1 Ne7 41.Rg2 Nf5 42.Bf2 
Nxh4 43.gxh4 Rxf2+ 44.Rxf2 Rxf2+ 45.Kc1 Qf6 46.b5 axb5 47.a6 bxa6 48.Qa3 
g3 49.Qxa6 g2 50.Qb7+ Kh6 0-1

[Event "XX Festival Conca della Presolana A"]
[Site "Bratto - Castione della Presolana ITA"]
[Date "2000.08.31"]
[Round "7"]
[White "Lanzani, Mario"]
[Black "Epishin, Vladimir V."]
[Result "0-1"]
[WhiteElo "2419"]
[BlackElo "2567"]
[PlyCount "88"]
[EventDate "2000.08.25"]

1.e4 c5 2.Nf3 e6 3.d4 cxd4 4.Nxd4 a6 5.Nc3 b5 6.Bd3 Qb6 7.Be3 Bc5 8.Qg4 
Bxd4 9.e5 Nc6 10.Qxg7 Bxe5 11.Qxe5 Nxe5 12.Bxb6 Bb7 13.Ne4 Bxe4 14.Bxe4 d5
15.Bd3 Ne7 16.a4 Nxd3+ 17.cxd3 Kd7 18.Bc5 bxa4 19.Bxe7 Kxe7 20.Rxa4 Rhb8 
21.Ra2 Rb4 22.Kd2 Rab8 23.Rb1 R8b6 24.b3 h5 25.Ra3 h4 26.h3 e5 27.Rba1 Rg6
28.Rg1 f5 29.Ra5 Rb5 30.Rxb5 axb5 31.d4 f4 32.dxe5 Ke6 33.Kd3 f3 34.g3 
hxg3 35.Rxg3 Rxg3 36.fxg3 d4 37.h4 Kxe5 38.h5 Kf5 39.Kd2 b4 40.g4+ Kg5 41.
Kd3 Kxg4 42.h6 f2 43.Ke2 Kg3 44.h7 d3+ 0-1

[Event "XX Festival Conca della Presolana A"]
[Site "Bratto - Castione della Presolana ITA"]
[Date "2000.08.31"]
[Round "7"]
[White "Lapiccirella, Mattia"]
[Black "Cocchi, Andrea"]
[Result "1/2-1/2"]
[WhiteElo "2144"]
[BlackElo "2261"]
[PlyCount "45"]
[EventDate "2000.08.25"]

1.d4 Nf6 2.c4 d6 3.Nf3 Bf5 4.Nc3 c6 5.g3 Qc8 6.h4 Na6 7.Bg5 Ne4 8.Nxe4 
Bxe4 9.Qb3 h6 10.Bd2 e6 11.Bg2 Be7 12.Rc1 O-O 13.O-O Nc7 14.Bh3 Qd7 15.Qe3
Bh7 16.b4 f5 17.Qb3 Kh8 18.Bf4 b6 19.c5 bxc5 20.dxc5 Nd5 21.Bxd6 Bxd6 22.
cxd6 Qxd6 23.Nd4 1/2-1/2

[Event "XX Festival Conca della Presolana A"]
[Site "Bratto - Castione della Presolana ITA"]
[Date "2000.08.31"]
[Round "7"]
[White "Leoni, Fabrizio"]
[Black "Lapiccirella, Daniele"]
[Result "0-1"]
[WhiteElo "2143"]
[BlackElo "2084"]
[PlyCount "92"]
[EventDate "2000.08.25"]

1.d4 d5 2.Nf3 Nf6 3.c4 c6 4.Nc3 e6 5.e3 Nbd7 6.Be2 Bd6 7.Bd2 O-O 8.Qc2 
dxc4 9.Bxc4 a6 10.Bd3 h6 11.Ne4 Nxe4 12.Bxe4 e5 13.O-O exd4 14.Nxd4 Nf6 
15.Bd3 Re8 16.h3 Nd5 17.Rad1 Qg5 18.f4 Qf6 19.Rf3 Bb4 20.Ne2 Bxd2 21.Qxd2 
b5 22.e4 Nb6 23.e5 Qe7 24.Bb1 Bb7 25.Qc2 g6 26.Ng3 c5 27.Rf2 Nc4 28.Re1 
Rad8 29.Nh5 f5 30.Ng3 Qh4 31.Kh2 Rd4 32.Ref1 Ne3 33.Qxc5 Nxf1+ 34.Rxf1 Qd8
35.Qc3 Qd5 36.Rf2 Rxf4 37.Rd2 Qxe5 38.Qb3+ Qe6 39.Qd3 Rc4 40.Bc2 Be4 41.
Nxe4 fxe4 42.Qe3 Kg7 43.Bb3 Qe5+ 44.g3 Rc7 45.h4 Rf8 46.Re2 Re7 0-1

[Event "XX Festival Conca della Presolana A"]
[Site "Bratto - Castione della Presolana ITA"]
[Date "2000.08.31"]
[Round "7"]
[White "Lovati, Paolo"]
[Black "Galli, Fabio"]
[Result "1-0"]
[WhiteElo "2084"]
[BlackElo "2107"]
[PlyCount "83"]
[EventDate "2000.08.25"]

1.g3 d5 2.Nf3 Nf6 3.Bg2 c6 4.O-O Nbd7 5.b3 e5 6.Bb2 Bd6 7.c4 O-O 8.d3 Re8 
9.cxd5 Nxd5 10.Nbd2 f6 11.Nc4 Bf8 12.a3 N7b6 13.Na5 Na4 14.bxa4 Qxa5 15.d4
e4 16.Nd2 e3 17.Nc4 Qa6 18.Bxd5+ cxd5 19.Nxe3 Bh3 20.Re1 Be6 21.Qb3 Qd6 
22.Rac1 f5 23.Ng2 g5 24.h4 h6 25.Rc3 Bg7 26.Rc5 b6 27.Rc2 Rac8 28.Rxc8 
Rxc8 29.hxg5 hxg5 30.e3 Rc4 31.a5 Qc7 32.Qb5 Kf7 33.axb6 axb6 34.Re2 Bf8 
35.Ne1 Bd6 36.Kg2 f4 37.exf4 gxf4 38.Nf3 Kf6 39.Qe8 Qf7 40.Qd8+ Be7 41.
Qh8+ Kf5 42.g4+ 1-0

[Event "XX Festival Conca della Presolana A"]
[Site "Bratto - Castione della Presolana ITA"]
[Date "2000.08.31"]
[Round "7"]
[White "Mantovani, Renzo"]
[Black "Mione, Dario"]
[Result "1-0"]
[WhiteElo "2410"]
[BlackElo "2286"]
[PlyCount "122"]
[EventDate "2000.08.25"]

1.d4 e6 2.Nf3 d5 3.c4 Nf6 4.Nc3 c6 5.Bg5 dxc4 6.a4 c5 7.e3 Nc6 8.Bxc4 cxd4
9.exd4 Be7 10.O-O O-O 11.Re1 a6 12.Qd2 Qa5 13.Ne5 Rd8 14.Nxc6 bxc6 15.Rad1
Bb7 16.Bxf6 Bxf6 17.Ne4 Qxd2 18.Nxf6+ gxf6 19.Rxd2 Rd7 20.Re3 Rad8 21.Red3
c5 22.dxc5 Rxd3 23.Rxd3 Rc8 24.h3 Rxc5 25.Bxe6 fxe6 26.Rd8+ Kg7 27.Rd7+ 
Kg6 28.Rxb7 a5 29.g3 h5 30.Kg2 Rc4 31.b3 Rc3 32.Rb5 e5 33.h4 Kf5 34.Rb6 e4
35.Rb5+ Kg4 36.Rb8 Rc2 37.Rg8+ Kf5 38.Ra8 e3 39.Kf3 e2 40.Re8 Rb2 41.Rxe2 
Rxb3+ 42.Re3 Rb4 43.Ra3 Re4 44.Kg2 Rb4 45.Rf3+ Ke6 46.Rc3 Rxa4 47.Rc5 f5 
48.Rc6+ Ke5 49.Rh6 Rc4 50.Rxh5 a4 51.Rh8 Kd4 52.h5 Ke5 53.h6 Kf6 54.h7 Kg7
55.Rf8 Kxh7 56.Rxf5 Kg6 57.Ra5 Kf6 58.Kh3 Ke6 59.g4 Rc3+ 60.Kg2 a3 61.f3 
Rc2+ 1-0

[Event "XX Festival Conca della Presolana A"]
[Site "Bratto - Castione della Presolana ITA"]
[Date "2000.08.31"]
[Round "7"]
[White "Oppici, Gabriele"]
[Black "Basciu, Simone"]
[Result "1/2-1/2"]
[WhiteElo "2040"]
[BlackElo "2147"]
[PlyCount "41"]
[EventDate "2000.08.25"]

1.Nc3 d5 2.e4 dxe4 3.Nxe4 Nd7 4.Bc4 e6 5.Nf3 Ngf6 6.d3 Be7 7.O-O O-O 8.Qe2
b6 9.Re1 Re8 10.Neg5 Bd6 11.Nxf7 Kxf7 12.Ng5+ Kf8 13.Nxe6+ Rxe6 14.Bxe6 
Ne5 15.Bxc8 Rxc8 16.h3 Qd7 17.Bf4 Ng6 18.Bxd6+ Qxd6 19.Qe6 Qxe6 20.Rxe6 
Kf7 21.Ree1 1/2-1/2

[Event "XX Festival Conca della Presolana A"]
[Site "Bratto - Castione della Presolana ITA"]
[Date "2000.08.31"]
[Round "7"]
[White "Ranieri, Fabrizio"]
[Black "Mariano, Elia"]
[Result "0-1"]
[WhiteElo "2165"]
[BlackElo "2093"]
[PlyCount "64"]
[EventDate "2000.08.25"]

1.e4 e6 2.d4 d5 3.Nc3 Nf6 4.Bg5 Bb4 5.e5 h6 6.Bd2 Bxc3 7.bxc3 Ne4 8.Qg4 g6
9.Bd3 Nxd2 10.Kxd2 c5 11.h4 Qa5 12.h5 g5 13.f4 cxd4 14.Ke2 Nc6 15.fxg5 
dxc3 16.Rb1 b6 17.Nf3 Ba6 18.Bxa6 Qxa6+ 19.Kf2 Qxa2 20.Rhc1 Qc4 21.Qxc4 
dxc4 22.gxh6 Rxh6 23.g4 Ke7 24.Ke3 Rhh8 25.Rd1 Rhd8 26.h6 Rxd1 27.Rxd1 a5 
28.Rb1 Kf8 29.Kf4 a4 30.Kg5 a3 31.Kf6 Ne7 32.h7 Nd5+ 0-1

[Event "XX Festival Conca della Presolana A"]
[Site "Bratto - Castione della Presolana ITA"]
[Date "2000.08.31"]
[Round "7"]
[White "Ricci, Alfredo"]
[Black "Solinas, Carlo"]
[Result "1-0"]
[WhiteElo "2093"]
[BlackElo "2058"]
[PlyCount "75"]
[EventDate "2000.08.25"]

1.e4 e5 2.Nf3 Nc6 3.Bc4 Nf6 4.O-O Nxe4 5.Re1 d5 6.d4 Be6 7.Bb5 Bd6 8.dxe5 
Bc5 9.Be3 Qe7 10.Nd4 Bxd4 11.Bxd4 O-O 12.Nc3 Nxd4 13.Qxd4 c5 14.Nxd5 Qd8 
15.Qxe4 Bxd5 16.Qe2 Qg5 17.g3 Qf5 18.Bd3 Qe6 19.f4 c4 20.Be4 Bxe4 21.Qxe4 
Qb6+ 22.Kg2 Qxb2 23.Rab1 Qc3 24.Re3 Qd2+ 25.Re2 Qc3 26.Rxb7 Rad8 27.Rxa7 
Rd4 28.Qf3 Qa1 29.e6 fxe6 30.Qg4 Rd1 31.Qxe6+ Kh8 32.Qf7 Rg1+ 33.Kf3 Qf1+ 
34.Ke3 Qc1+ 35.Ke4 Rg8 36.Kf5 h6 37.Kg6 Qd1 38.Qxg8+ 1-0